01263cam a22002651 4500001001300000003000400013005001700017008004100034010001700075035002000092040005300112042001200165050002300177051002400200100005200224245008100276260004300357300006500400490007100465490002900536500006000565501027600625650002900901700006700930gs 07000809 DLC20260227111306.0840925s1907 dcuabf f000 0 eng c ags 07000809  a(OCoLC)11195055 aLibrary, U.S. Geological SurveycCLSdOCoLCdDLC apremarc00aTC801b.U2 no. 193 aTD24.M6bD7cCopy 21 aDole, Richard B.q(Richard Bryant),d1880-1917.14aThe quality of surface waters in Minnesota,cby R.B. Dole and F.F. Wesbrook. aWashington,bGovt. Print. Off.,c1907. a171, ii p.bVII pl. (incl. maps, part fold.) diagrs.c23 cm.0 aU.S. Geological Survey. Water-supply and irrigation papervno. 1930 aL, Quality of water,v19 aIssued also as House doc. no. 787, 59th Cong., 2d sess. aTC801.U2 no. 193 with : Pollution of Illinois and Mississippi rivers by Chicago sewage - - Underground waters of Missouri - - Water supply of Nome region, Seward peninsula, Alaska, 1906. Washington : Govt. Print. Off., 1907. Bound together subsequent to publication.5DLC 0aWater-supplyzMinnesota.1 aWesbrook, F. F.q(Frank Fairchild),d1868-1918,ejoint author.